Možnosti dynamizace produktů kulturního cestovního ruchu

Význam kultúrnych udalostí ako nástroja dynamizácie ponuky cestovného ruchu. Kultúrny cestovný ruch a kultúrne destinácie. Produkty kultúrneho cestovného ruchu.

Guardado en:
Detalles Bibliográficos
Autor principal: Zedková, Alena
Formato: Capítulo de libro
Lenguaje:checo
Materias:
Etiquetas: Agregar Etiqueta
Sin Etiquetas, Sea el primero en etiquetar este registro!

MARC

LEADER 00000naa a2200000 4500
001 0224762
005 20241024142930.7
041 0 |a cze 
044 |a CZ 
245 1 0 |a Možnosti dynamizace produktů kulturního cestovního ruchu  |c Alena Zedková 
520 |a Význam kultúrnych udalostí ako nástroja dynamizácie ponuky cestovného ruchu. Kultúrny cestovný ruch a kultúrne destinácie. Produkty kultúrneho cestovného ruchu. 
610 2 0 |a ruch cestovný kultúrny 
610 2 0 |a kultúra 
610 2 0 |a pamiatky 
610 2 0 |a stratégia marketingová 
610 2 0 |a Česko 
100 1 |a Zedková, Alena